| 000 | 00560nmm a2200169Ia 4500 | ||
|---|---|---|---|
| 008 | 251105s9999||||xx |||||||||||||||||und|| | ||
| 020 | _a9789560006424 | ||
| 041 | _aspa | ||
| 100 | _aRobertson Álvarez, Enrique | ||
| 245 | 0 | _aEl enigma inaugural : una investigación sherlockiana tras el origen del nombre de Pablo Neruda | |
| 264 |
_a[Santiago de Chile, Chile] : _bLOM Ediciones, _c2016 |
||
| 300 | _a114 páginas | ||
| 490 | _aBolsillo | ||
| 650 | _aLatin American literature | ||
| 856 | _uhttps://public.digitaliapublishing.com/a/41631 | ||
| 942 | _cCF | ||
| 999 |
_c93535 _d93535 |
||